• 首页
  • 本馆介绍
  • 公告通知
  • 最新文献
  • 馆藏检索
  • 电子资源
  • 读者导购
  • 参考咨询
  • 我的图书馆
  • 登录
  • 详细信息显示
  • 放入我的书架
  • 预约/预借图书
  • 作者相关作品
  • 分类相关作品
  • 丛书相关作品
  • 出版社相关作品

书目信息

  • 表格格式
  • 工作单格式
  • 卡片格式
题名:
英语基本词快速记忆
    
 
作者: 王大文 主编 ;王杰 编
分册:  
出版信息: 天津   南开大学出版社  1988.11
页数: 482页
开本: 19厘米
丛书名:
单 册:
中图分类: H314.1
科图分类:
主题词: 英语--基本词汇--手册
电子资源:
ISBN: 978-7-310-00118-7
000 00671nam0 2200229 450
001 0100273511
005 20020928000000.0
010    @a978-7-310-00118-7@dCNY4.40
100    @a19901017d1988 m y0chiy0110 ea
101 0  @achi
102    @aCN@b120000
105    @ay z 000yy
106    @ar
200 1  @a英语基本词快速记忆@9Ying Yu Ji Ben Ci Kuai Su Ji Yi @f王大文主编@g王 杰等编@b专著
210    @a天津@c南开大学出版社@d1988.11
215    @a482页@d19厘米
606 0  @a英语@x基本词汇@x手册
690    @aH314.1@v1980
701  0 @a王大文@9wang da wen@4主编
702  0 @a王杰@9wang jie@4编
801  0 @aCN@bAiZhiMarc@c19901017
905    @aBZT@dH314.1@e2@f4@sH314.1/2
    
    英语基本词快速记忆/王大文主编/王 杰等编.-天津:南开大学出版社,1988.11
    482页;19厘米
    
    
    ISBN 978-7-310-00118-7:CNY4.40
    
●
相关链接 在五车中查询图书 在当当中查询图书 在豆瓣中查询图书


正题名:英语基本词快速记忆     索取号:H314.1/2         预约/预借

序号 登录号 条形码 馆藏地/架位号 状态 备注
1 2000037883   2000037883   旧书回溯/ [索取号:H314.1/2] 在馆    
2 2000037906   2000037906   旧书回溯/ [索取号:H314.1/2] 在馆    
3 2000037907   2000037907   旧书回溯/ [索取号:H314.1/2] 在馆    
4 2000116160   2000116160   旧书回溯/ [索取号:H314.1/2] 在馆    
山东省滨州职业学院图书馆 欢迎您!
大连网信软件有限公司© 版权所有